Statistics for NBA: Lakers Assists Leader Every Season

Click here to take the quiz!

General Stats

  • This quiz has been taken 36 times
  • The average score is 50 of 75

Answer Stats

SeasonAPGPositionAnswer% Correct
198612.6GMagic Johnson
97%
198413.1GMagic Johnson
97%
198310.5GMagic Johnson
97%
198712.2GMagic Johnson
97%
198811.9GMagic Johnson
97%
198912.8GMagic Johnson
97%
199011.5GMagic Johnson
97%
199112.5GMagic Johnson
97%
19829.5GMagic Johnson
97%
198512.6GMagic Johnson
97%
19645.6GJerry West
94%
19654.9GJerry West
94%
19625.4GJerry West
94%
19746.6GJerry West
94%
19738.8GJerry West
94%
19729.7GJerry West
94%
19719.5GJerry West
94%
19707.5GJerry West
94%
19696.9GJerry West
94%
19686.1GJerry West
94%
19676.8GJerry West
94%
19635.6GJerry West
94%
19666.1GJerry West
94%
20025.5GKobe Bryant
94%
20114.7GKobe Bryant
94%
20155.6GKobe Bryant
94%
20105.0GKobe Bryant
94%
20035.9GKobe Bryant
94%
20085.4GKobe Bryant
94%
20075.4GKobe Bryant
94%
20056.0GKobe Bryant
94%
20004.9GKobe Bryant
94%
20015.0GKobe Bryant
94%
20094.9GKobe Bryant
94%
20198.3FLeBron James
94%
202010.2GLeBron James
94%
20217.8GLeBron James
94%
19615.1FElgin Baylor
81%
19594.1FElgin Baylor
81%
20237.5GRussell Westbrook
81%
20227.1GRussell Westbrook
81%
19493.6CGeorge Mikan
75%
19765.6GGail Goodrich
63%
19966.9GNick Van Exel
63%
19986.9GNick Van Exel
63%
19978.5GNick Van Exel
63%
19945.8GNick Van Exel
63%
19958.3GNick Van Exel
63%
20065.5FLamar Odom
53%
20187.2GLonzo Ball
50%
20174.8GD'Angelo Russell
44%
19807.8GNorm Nixon
44%
19818.8GNorm Nixon
44%
19799.0GNorm Nixon
44%
19786.8GNorm Nixon
44%
20136.7GSteve Nash
41%
19994.2GDerek Harper
34%
20045.5GGary Payton
31%
19936.9GSedale Threatt
31%
19927.2GSedale Threatt
31%
19503.8FJim Pollard
22%
19566.2GSlater Martin
19%
19555.9GSlater Martin
19%
19543.7GSlater Martin
19%
19533.6GSlater Martin
19%
19523.8GSlater Martin
19%
19513.5GSlater Martin
19%
19604.6GHot Rod Hundley
16%
20148.8GKendall Marshall
16%
19573.3GWhitey Skoog
13%
19775.2GLucius Allen
9%
19583.3GSlick Leonard
9%
19757.0GJim Price
6%
20163.4GMarcelo Huertas
6%
20126.2GRamon Sessions
6%

Score Distribution

Percentile by Number Answered

Percent of People with Each Score

Your Score History

You have not taken this quiz